[Event "Kolomna-ch 67th"]
[Site "Kolomna"]
[Date "2017.01.14"]
[Round "9"]
[White "Kalinin, Aleksandr Vladimiro"]
[Black "Spiridonov, Evgeny"]
[Result "1/2-1/2"]
[WhiteElo "2082"]
[BlackElo "2039"]
[PlyCount "110"]
[EventDate "2016.12.24"]
[EventType "swiss"]
[EventRounds "10"]
[EventCountry "RUS"]
[SourceTitle "EXT 2019"]
[Source "ChessBase"]
[SourceDate "2018.10.10"]
[SourceVersion "1"]
[SourceVersionDate "2018.10.10"]
[SourceQuality "1"]

1. c4 Nf6 2. Nc3 g6 3. g3 Bg7 4. Bg2 d6 5. Nf3 0-0 6. 0-0 Nc6 7. d3 e5 8. Rb1 Ne8 9. b4 f5 10. Bg5 Qd7 11. Bd2 Nd8 12. b5 Ne6 13. e3 h6 14. Ne1 g5 15. f4 exf4 16. exf4 gxf4 17. gxf4 Nf6 18. Nd5 Nxd5 19. Bxd5 Kh7 20. Nc2 c6 21. bxc6 bxc6 22. Bg2 Bb7 23. Re1 Rae8 24. Qh5 Ba8 25. Kh1 Qc8 26. Rg1 Nd4 27. Bf3 Re7 28. Qg6+ Kh8 29. Bc3 c5 30. Bd5 Rg8 31. Rbe1 Rd7 32. Re6 Bxd5+ 33. cxd5 Qb7 34. Ne3 Re7 35. Bxd4 cxd4 36. Rxe7 Qxe7 37. Nxf5 Qe2 38. Nxd4 Qf2 39. Ne6 Qf3+ 40. Qg2 Qxd3 41. h3 Qe3 42. Qg3 Qe4+ 43. Qg2 Qe3 44. Kh2 a5 45. Qg3 Qd2+ 46. Qg2 Qe3 47. Kh1 Qd3 48. Nf8 Qe3 49. Ng6+ Kh7 50. Nh4 Qd3 51. Qf3 Qc2 52. Rg2 Qb1+ 53. Rg1 Qc2 54. Qd1 Qe4+ 55. Qf3 Qc2 1/2-1/2

[Event "Moscow Region-ch"]
[Site "Kolomna"]
[Date "2015.10.16"]
[Round "1"]
[White "Spiridonov, Evgeny"]
[Black "Ogorodnikov, Nikolai"]
[Result "1-0"]
[WhiteElo "1956"]
[BlackElo "1613"]
[PlyCount "55"]
[EventDate "2015.10.16"]
[EventType "swiss"]
[EventRounds "9"]
[EventCountry "RUS"]
[SourceTitle "CBM 169 Extra"]
[Source "ChessBase"]
[SourceDate "2015.12.18"]
[SourceVersion "1"]
[SourceVersionDate "2015.12.18"]
[SourceQuality "1"]

1. d4 e6 2. c4 d5 3. Nc3 Be7 4. Nf3 Nf6 5. e3 0-0 6. Bd3 Nbd7 7. 0-0 b6 8. cxd5 exd5 9. Ne5 Bb7 10. f4 c5 11. Bd2 c4 12. Bc2 a6 13. a4 Ne8 14. Rf3 g6 15. Rh3 Kg7 16. f5 Rh8 17. fxg6 fxg6 18. Qf3 Nxe5 19. dxe5 Rf8 20. Rxh7+ Kxh7 21. Qh5+ Kg8 22. Qxg6+ Ng7 23. e6 Rf5 24. Bxf5 Bf6 25. Ne4 dxe4 26. Qh7+ Kf8 27. Bb4+ Ke8 28. Qg8# 1-0

[Event "Kolomna-ch 65th"]
[Site "Kolomna"]
[Date "2015.01.25"]
[Round "5"]
[White "Kalinin, Aleksandr Vladimiro"]
[Black "Spiridonov, Evgeny"]
[Result "1-0"]
[WhiteElo "2156"]
[BlackElo "1991"]
[PlyCount "95"]
[EventDate "2015.01.11"]
[EventType "tourn"]
[EventRounds "9"]
[EventCountry "RUS"]
[SourceTitle "EXT 2017"]
[Source "ChessBase"]
[SourceDate "2016.10.25"]
[SourceVersion "1"]
[SourceVersionDate "2016.10.25"]
[SourceQuality "1"]

1. Nf3 d5 2. c4 e6 3. d4 Nf6 4. g3 c6 5. Bg2 Be7 6. Nbd2 0-0 7. 0-0 Nbd7 8. Qc2 b6 9. Rd1 Bb7 10. e4 dxe4 11. Nxe4 Nxe4 12. Qxe4 Nf6 13. Qe2 Qc8 14. Bh3 Qc7 15. Re1 Rfe8 16. Bf4 Bd6 17. Bg5 Nd7 18. Bg2 h6 19. Be3 c5 20. Rad1 Nf6 21. b3 Rad8 22. Qb2 Ng4 23. Qc3 Nxe3 24. fxe3 Re7 25. d5 exd5 26. cxd5 Rde8 27. Nh4 Bc8 28. e4 Bg4 29. Rc1 Be5 30. Qd2 Bd4+ 31. Kh1 Qe5 32. Nf3 Bxf3 33. Bxf3 f5 34. Qd3 Qd6 35. b4 Kh8 36. bxc5 bxc5 37. Re2 fxe4 38. Bxe4 Rf8 39. Rce1 Ref7 40. Bg2 Qb6 41. Rb1 Qa5 42. d6 Rd7 43. Qg6 Qd8 44. Be4 Kg8 45. Qh7+ Kf7 46. Bd5+ Kf6 47. Re6+ Kg5 48. Qg6# 1-0

[Event "Kolomna-ch 65th"]
[Site "Kolomna"]
[Date "2015.01.18"]
[Round "3"]
[White "Novikov, Aleksey"]
[Black "Spiridonov, Evgeny"]
[Result "0-1"]
[WhiteElo "1615"]
[BlackElo "1991"]
[PlyCount "96"]
[EventDate "2015.01.11"]
[EventType "tourn"]
[EventRounds "9"]
[EventCountry "RUS"]
[SourceTitle "EXT 2017"]
[Source "ChessBase"]
[SourceDate "2016.10.25"]
[SourceVersion "1"]
[SourceVersionDate "2016.10.25"]
[SourceQuality "1"]

1. e4 c6 2. d4 d5 3. Nc3 dxe4 4. Nxe4 Nf6 5. Nxf6+ exf6 6. Bc4 Bd6 7. Nf3 0-0 8. 0-0 Nd7 9. Bd3 Re8 10. c4 Nf8 11. Qc2 Bg4 12. Nd2 Bc7 13. Nb3 Qd6 14. f4 Rad8 15. h3 Bc8 16. Qf2 Ne6 17. Be3 Ng5 18. c5 Qe7 19. Rae1 Ne4 20. Qc2 f5 21. Bd2 Be6 22. Bxe4 Bxb3 23. Qxb3 fxe4 24. Bc3 Bb8 25. Qc2 f5 26. Qf2 Qf7 27. a3 Re6 28. Re3 Rg6 29. Rg3 Rxg3 30. Qxg3 Re8 31. Re1 Bc7 32. Re3 Bd8 33. h4 Bf6 34. Qf2 Rd8 35. Re1 Rd5 36. g3 Qd7 37. Rd1 Rxc5 38. Qe2 Rd5 39. Qc4 h6 40. Kf2 Kh7 41. Ke3 c5 42. a4 cxd4+ 43. Bxd4 Bxd4+ 44. Rxd4 Rxd4 45. Qxd4 Qxd4+ 46. Kxd4 Kg6 47. g4 fxg4 48. Kxe4 Kh5 0-1

[Event "Moscow Kolomenskaya op"]
[Site "Moscow"]
[Date "2014.10.09"]
[Round "7"]
[White "Spiridonov, Evgeny"]
[Black "Konaplev, Anton"]
[Result "1/2-1/2"]
[WhiteElo "1891"]
[BlackElo "2077"]
[PlyCount "95"]
[EventDate "2014.10.05"]
[EventType "swiss"]
[EventRounds "9"]
[EventCountry "RUS"]
[SourceTitle "CBM 162 Extra"]
[Source "ChessBase"]
[SourceDate "2014.10.17"]
[SourceVersion "1"]
[SourceVersionDate "2014.10.17"]
[SourceQuality "1"]

1. d4 d5 2. c4 c6 3. Nc3 e6 4. e3 f5 5. Nf3 Bd6 6. Ne5 Nf6 7. f4 0-0 8. Be2 Nbd7 9. 0-0 Ne4 10. Qc2 Nxe5 11. dxe5 Nxc3 12. Qxc3 Be7 13. a3 a5 14. Rb1 a4 15. b4 axb3 16. Rxb3 Qa5 17. Bb2 Qxc3 18. Rxc3 Ra4 19. h3 Bd7 20. g4 g6 21. Rb3 Rb8 22. Rc1 Kf7 23. c5 Bc8 24. Bd4 Rba8 25. Rcc3 b5 26. cxb6 Bb7 27. Bc5 Bxc5 28. Rxc5 Rxa3 29. Rxa3 Rxa3 30. Bb5 Ra5 31. Rxc6 Bxc6 32. Bxc6 Ra1+ 33. Kf2 Rb1 34. b7 Ke7 35. g5 Kd8 36. h4 Kc7 37. Be8 Rxb7 38. Ba4 Kb6 39. Bd1 Kc5 40. h5 Kb4 41. h6 Kc3 42. Ba4 Ra7 43. Bd1 Rc7 44. Ba4 Ra7 45. Bd1 Rc7 46. Ba4 Kd2 47. Be8 Kc3 48. Ba4 1/2-1/2

[Event "Moscow Kolomenskaya op"]
[Site "Moscow"]
[Date "2014.10.07"]
[Round "5"]
[White "Bykov, Oleg1"]
[Black "Spiridonov, Evgeny"]
[Result "1-0"]
[WhiteElo "2175"]
[BlackElo "1891"]
[PlyCount "71"]
[EventDate "2014.10.05"]
[EventType "swiss"]
[EventRounds "9"]
[EventCountry "RUS"]
[SourceTitle "CBM 162 Extra"]
[Source "ChessBase"]
[SourceDate "2014.10.17"]
[SourceVersion "1"]
[SourceVersionDate "2014.10.17"]
[SourceQuality "1"]

1. d4 d5 2. c4 e6 3. Nc3 Nf6 4. Bg5 Nbd7 5. e3 Be7 6. Nf3 0-0 7. Bd3 b6 8. cxd5 exd5 9. 0-0 Bb7 10. Qc2 c5 11. Rfe1 Re8 12. Bxf6 Nxf6 13. Ne5 a6 14. a4 Rb8 15. h3 h6 16. Bf5 Ba8 17. Ne2 c4 18. g4 b5 19. axb5 axb5 20. Ra7 Qb6 21. Rea1 Bb7 22. h4 Ra8 23. Rxa8 Rxa8 24. Rxa8+ Bxa8 25. g5 hxg5 26. hxg5 Ne4 27. g6 fxg6 28. Bxg6 Bg5 29. Ng3 Qb7 30. Nf5 b4 31. f3 Ng3 32. Bf7+ Kf8 33. Nd6 Bxe3+ 34. Kg2 Ke7 35. Nxb7 Bxb7 36. Qg6 1-0

[Event "Moscow Kolomenskaya op"]
[Site "Moscow"]
[Date "2014.10.06"]
[Round "2"]
[White "Spiridonov, Evgeny"]
[Black "Mischuk, Dmitry"]
[Result "1/2-1/2"]
[WhiteElo "1891"]
[BlackElo "2300"]
[PlyCount "78"]
[EventDate "2014.10.05"]
[EventType "swiss"]
[EventRounds "9"]
[EventCountry "RUS"]
[SourceTitle "CBM 162 Extra"]
[Source "ChessBase"]
[SourceDate "2014.10.17"]
[SourceVersion "1"]
[SourceVersionDate "2014.10.17"]
[SourceQuality "1"]

1. d4 Nf6 2. c4 g6 3. Nc3 Bg7 4. e4 0-0 5. f3 d6 6. Be3 Nc6 7. Bd3 e5 8. d5 Nd4 9. Nge2 c5 10. dxc6 bxc6 11. Nxd4 exd4 12. Bxd4 Nh5 13. Bxg7 Kxg7 14. Ne2 Qh4+ 15. Kf1 Be6 16. b3 Rad8 17. Qe1 Qg5 18. Qc3+ Kg8 19. Kf2 d5 20. cxd5 cxd5 21. Rhd1 Nf6 22. Ng3 h5 23. Qc1 Qe5 24. exd5 Nxd5 25. Bc4 Nc3 26. Rxd8 Rxd8 27. Bxe6 Rd1 28. Qxd1 Nxd1+ 29. Rxd1 Qxe6 30. Ne4 Qb6+ 31. Kg3 Qe3 32. h4 Qe2 33. Rd8+ Kg7 34. Rd7 Qxa2 35. Nd6 Qxb3 36. Rxa7 Qd1 37. Rxf7+ Kg8 38. Rf6 Qe1+ 39. Kh3 Qh1+ 1/2-1/2

[Event "Moscow Kolomenskaya op"]
[Site "Moscow"]
[Date "2014.10.06"]
[Round "3"]
[White "Spiridonov, Evgeny"]
[Black "Poley, Vladimir"]
[Result "0-1"]
[WhiteElo "1891"]
[BlackElo "2270"]
[PlyCount "60"]
[EventDate "2014.10.05"]
[EventType "swiss"]
[EventRounds "9"]
[EventCountry "RUS"]
[SourceTitle "CBM 162 Extra"]
[Source "ChessBase"]
[SourceDate "2014.10.17"]
[SourceVersion "1"]
[SourceVersionDate "2014.10.17"]
[SourceQuality "1"]

1. d4 d5 2. c4 e6 3. Nc3 a6 4. a4 dxc4 5. e4 Nc6 6. Nf3 Na5 7. Be3 Bb4 8. Be2 Nf6 9. Nd2 Nc6 10. e5 Nd5 11. Nxd5 Qxd5 12. Bf3 Qd7 13. Bxc6 Qxc6 14. 0-0 0-0 15. Qg4 f5 16. exf6 Rxf6 17. Qe4 Qd5 18. Qc2 b5 19. axb5 Bb7 20. f3 axb5 21. Rxa8+ Bxa8 22. Ne4 Rf8 23. Rd1 Qf5 24. Qb1 Bd5 25. Nc3 Qh5 26. Qc2 Bd6 27. h3 b4 28. Ne4 Rxf3 29. Nxd6 Rxe3 30. Rf1 Re2 0-1

[Event "RUS-chT U20"]
[Site "Kolomna"]
[Date "2014.08.09"]
[Round "8"]
[White "Spiridonov, Evgeny"]
[Black "Rodionova, Polina"]
[Result "0-1"]
[WhiteElo "1904"]
[BlackElo "2138"]
[PlyCount "114"]
[EventDate "2014.08.02"]
[EventType "swiss"]
[EventRounds "9"]
[EventCountry "RUS"]
[SourceTitle "EXT 2016"]
[Source "ChessBase"]
[SourceDate "2015.10.08"]
[SourceVersion "1"]
[SourceVersionDate "2015.10.08"]
[SourceQuality "1"]

1. d4 Nf6 2. c4 g6 3. Nc3 Bg7 4. e4 d6 5. f3 0-0 6. Be3 c5 7. d5 a6 8. a4 e6 9. Bd3 exd5 10. cxd5 Nbd7 11. Nge2 Ne5 12. 0-0 Nxd3 13. Qxd3 Rb8 14. h3 Re8 15. Rfe1 Bd7 16. a5 Bc8 17. Bf2 Nd7 18. f4 b5 19. axb6 Rxb6 20. Qc2 Rb4 21. Nc1 Bd4 22. N1a2 Rb8 23. Rad1 Qb6 24. Na4 Bxf2+ 25. Qxf2 Qb3 26. N2c3 Rb4 27. Ra1 Rd4 28. f5 f6 29. Rf1 Rf8 30. fxg6 hxg6 31. g4 Ne5 32. Qh4 Bd7 33. Rxf6 Nf3+ 34. Rxf3 Rxf3 35. Qd8+ Rf8 36. Qxd7 Qc2 37. Rf1 Rxf1+ 38. Kxf1 Qc1+ 39. Kg2 Rd2+ 40. Kg3 Rd3+ 41. Kf2 Qe3+ 42. Kf1 Qf3+ 43. Ke1 Re3+ 44. Kd2 Qf2+ 45. Kc1 Re1+ 46. Nd1 Qe3+ 47. Kb1 Qxe4+ 48. Ka2 Qxd5+ 49. b3 Rxd1 50. Qe8+ Kg7 51. Nb2 Rf1 52. h4 Rf3 53. Qb8 Rf7 54. Qe8 Qd2 55. g5 Qa5+ 56. Kb1 Rf1+ 57. Kc2 Qe1 0-1

[Event "RUS-chT U20"]
[Site "Kolomna"]
[Date "2014.08.07"]
[Round "6"]
[White "Schekachikhin, Maksim"]
[Black "Spiridonov, Evgeny"]
[Result "1-0"]
[WhiteElo "2080"]
[BlackElo "1904"]
[PlyCount "77"]
[EventDate "2014.08.02"]
[EventType "swiss"]
[EventRounds "9"]
[EventCountry "RUS"]
[SourceTitle "EXT 2016"]
[Source "ChessBase"]
[SourceDate "2015.10.08"]
[SourceVersion "1"]
[SourceVersionDate "2015.10.08"]
[SourceQuality "1"]

1. e4 c6 2. d4 d5 3. Nc3 dxe4 4. Nxe4 Bf5 5. Ng3 Bg6 6. h4 h6 7. Nf3 Nd7 8. h5 Bh7 9. Bd3 Bxd3 10. Qxd3 Ngf6 11. Bf4 e6 12. 0-0-0 Be7 13. Kb1 0-0 14. Ne4 Nxe4 15. Qxe4 Nf6 16. Qe2 Nd5 17. Bd2 Qc7 18. c4 Nf6 19. Ne5 c5 20. dxc5 Bxc5 21. g4 Nh7 22. f4 Bd4 23. Nf3 Rfd8 24. g5 Bc5 25. gxh6 gxh6 26. Qg2+ Kf8 27. f5 Ke7 28. fxe6 Rg8 29. Qe2 f6 30. Qe4 Nf8 31. Bxh6 Qc6 32. Bxf8+ Kxf8 33. Qxc6 bxc6 34. Rd7 Rh8 35. Rf7+ Ke8 36. h6 Be3 37. h7 c5 38. Nh4 Bg5 39. Ng6 1-0

[Event "RUS-chT U20"]
[Site "Kolomna"]
[Date "2014.08.04"]
[Round "3"]
[White "Spiridonov, Evgeny"]
[Black "Sorokin, Aleksey"]
[Result "0-1"]
[WhiteElo "1904"]
[BlackElo "2205"]
[PlyCount "82"]
[EventDate "2014.08.02"]
[EventType "swiss"]
[EventRounds "9"]
[EventCountry "RUS"]
[SourceTitle "EXT 2016"]
[Source "ChessBase"]
[SourceDate "2015.10.08"]
[SourceVersion "1"]
[SourceVersionDate "2015.10.08"]
[SourceQuality "1"]

1. d4 Nf6 2. c4 g6 3. Nc3 d5 4. cxd5 Nxd5 5. e4 Nxc3 6. bxc3 Bg7 7. Bc4 0-0 8. Ne2 c5 9. Be3 Nc6 10. 0-0 Bd7 11. Rb1 Qc7 12. Qc2 Na5 13. Bb3 Rac8 14. Rfc1 a6 15. Qb2 Bb5 16. Rd1 Nc4 17. Bxc4 Bxc4 18. Nf4 cxd4 19. cxd4 b5 20. Rbc1 Rfd8 21. Qd2 Qb7 22. d5 b4 23. Ne2 Bxe2 24. Qxe2 a5 25. Rb1 Rc3 26. Bd4 Bxd4 27. Rxd4 Qc7 28. g3 Qc5 29. Rd2 a4 30. Rdb2 Rb8 31. Qd2 Rb5 32. e5 a3 33. Rb3 Rc2 34. Qe1 Qxd5 35. Rxb4 Rxb4 36. Rxb4 Rxa2 37. e6 Rd2 38. exf7+ Kxf7 39. Rb1 a2 40. Rc1 Rb2 41. Rd1 Qxd1 0-1

[Event "Kolomna-ch U14"]
[Site "Kolomna"]
[Date "2012.12.19"]
[Round "10"]
[White "Spiridonov, Evgeny"]
[Black "Sokolov, Nikita"]
[Result "1-0"]
[WhiteElo "1900"]
[BlackElo "1704"]
[PlyCount "79"]
[EventDate "2012.12.10"]
[EventType "tourn"]
[EventRounds "15"]
[EventCountry "RUS"]
[SourceTitle "EXT 2022"]
[Source "ChessBase"]
[SourceDate "2021.10.06"]
[SourceVersion "1"]
[SourceVersionDate "2021.10.06"]
[SourceQuality "1"]

1. d4 Nf6 2. c4 g6 3. Nc3 d5 4. cxd5 Nxd5 5. e4 Nxc3 6. bxc3 Bg7 7. g3 c5 8. e5 cxd4 9. cxd4 Nc6 10. Be3 Qa5+ 11. Qd2 Qd5 12. f3 0-0 13. Bg2 Bf5 14. g4 Bd7 15. f4 Qa5 16. Qxa5 Nxa5 17. h3 Rac8 18. Ne2 Rc7 19. 0-0 Rfc8 20. Rfc1 Nc4 21. Bf2 Bf8 22. d5 f6 23. e6 Be8 24. Bd4 b5 25. Ng3 a5 26. Ne2 Bg7 27. Rc2 b4 28. Rcc1 Bb5 29. Ng3 Nd6 30. Rxc7 Rxc7 31. Bb6 Rc3 32. Nf1 Nc4 33. Ba7 f5 34. Rd1 Nb2 35. Re1 Nd3 36. Rd1 Nxf4 37. d6 Nxe6 38. d7 Rd3 39. Rxd3 Bxd3 40. Bd5 1-0

[Event "Kislovodsk Narzan op"]
[Site "Kislovodsk"]
[Date "2012.07.02"]
[Round "2"]
[White "Divakov, Oleg1"]
[Black "Spiridonov, Evgeny"]
[Result "1/2-1/2"]
[WhiteElo "2264"]
[BlackElo "1921"]
[PlyCount "105"]
[EventDate "2012.07.01"]
[EventType "swiss"]
[EventRounds "9"]
[EventCountry "RUS"]
[SourceTitle "EXT 2013"]
[Source "ChessBase"]
[SourceDate "2012.11.22"]
[SourceVersion "1"]
[SourceVersionDate "2012.11.22"]
[SourceQuality "1"]

1. d4 Nf6 2. Nf3 e6 3. c4 c5 4. Nc3 cxd4 5. Nxd4 d5 6. cxd5 Nxd5 7. Bd2 Be7 8. e4 Nxc3 9. Bxc3 0-0 10. Bd3 h6 11. Qe2 Qb6 12. e5 Bb4 13. Qe4 Bxc3+ 14. bxc3 g6 15. 0-0 Nc6 16. Nxc6 Qxc6 17. Qxc6 bxc6 18. Be4 Ba6 19. Rfd1 Rad8 20. Bxc6 Rc8 21. Rd6 Rfd8 22. Rad1 Rxd6 23. exd6 Rd8 24. f4 f6 25. Kf2 Kf7 26. Rd4 Kf8 27. g3 e5 28. fxe5 fxe5 29. Ra4 Bd3 30. d7 a6 31. Ke3 Bf5 32. Rxa6 Bxd7 33. Bxd7 Rxd7 34. Rxg6 Ra7 35. Rxh6 Rxa2 36. h4 Rc2 37. Kd3 Rg2 38. Rg6 Kf7 39. h5 Rh2 40. g4 Rh3+ 41. Ke4 Rxc3 42. Kxe5 Rc5+ 43. Kf4 Rc4+ 44. Kg5 Rc8 45. Ra6 Kg7 46. h6+ Kg8 47. Kg6 Kh8 48. g5 Kg8 49. Ra5 Kh8 50. Kh5 Rb8 51. g6 Rg8 52. h7 Rxg6 53. Kxg6 1/2-1/2

[Event "Kolomna-ch 62nd"]
[Site "Kolomna"]
[Date "2012.01.14"]
[Round "1"]
[White "Velikanov, Igor"]
[Black "Spiridonov, Evgeny"]
[Result "1-0"]
[WhiteElo "2315"]
[BlackElo "1891"]
[PlyCount "79"]
[EventDate "2012.01.14"]
[EventType "tourn"]
[EventRounds "11"]
[EventCountry "RUS"]
[SourceTitle "EXT 2013"]
[Source "ChessBase"]
[SourceDate "2012.11.22"]
[SourceVersion "1"]
[SourceVersionDate "2012.11.22"]
[SourceQuality "1"]

1. d4 d5 2. c4 e6 3. Nf3 Nf6 4. Nc3 c6 5. e3 Nbd7 6. Bd3 Be7 7. e4 dxe4 8. Nxe4 b6 9. 0-0 0-0 10. Bg5 Bb7 11. Qe2 Nxe4 12. Qxe4 g6 13. Qh4 Bf6 14. Be4 Bxg5 15. Nxg5 Nf6 16. Bf3 Re8 17. Rfd1 Kg7 18. Ne4 Nxe4 19. Qxe4 Rb8 20. c5 Qe7 21. Qe5+ f6 22. Qe3 b5 23. a4 a6 24. h3 Rbc8 25. Qc3 Qc7 26. Re1 Rcd8 27. g3 Rd7 28. axb5 axb5 29. Ra7 Qd8 30. Rxb7 Rxb7 31. Bxc6 Rc7 32. Bxe8 Qxe8 33. d5 e5 34. d6 Rc6 35. b4 Qd7 36. Qd3 Ra6 37. Rc1 h6 38. c6 Rxc6 39. Rxc6 Qxc6 40. d7 1-0

[Event "Kolomna-ch U14"]
[Site "Kolomna"]
[Date "2011.12.11"]
[Round "9"]
[White "Spiridonov, Evgeny"]
[Black "Gavryushin, Dmitry"]
[Result "0-1"]
[WhiteElo "1865"]
[BlackElo "1816"]
[PlyCount "133"]
[EventDate "2011.11.30"]
[EventType "tourn"]
[EventRounds "14"]
[EventCountry "RUS"]
[SourceTitle "EXT 2022"]
[Source "ChessBase"]
[SourceDate "2021.10.06"]
[SourceVersion "1"]
[SourceVersionDate "2021.10.06"]
[SourceQuality "1"]

1. Nf3 Nf6 2. c4 c5 3. b3 g6 4. Bb2 Bg7 5. g3 0-0 6. Bg2 d6 7. 0-0 Nc6 8. d3 Bd7 9. Nbd2 Rb8 10. a3 a6 11. Qc2 b5 12. cxb5 axb5 13. Rfc1 Qb6 14. Rab1 Rfc8 15. Qd1 h6 16. Nf1 Be6 17. Ne3 Na5 18. Nd2 d5 19. Bxf6 Bxf6 20. Nxd5 Bxd5 21. Bxd5 e6 22. Bg2 Be7 23. a4 Qa6 24. h3 bxa4 25. bxa4 Rb4 26. h4 Rcb8 27. Rxb4 Rxb4 28. Rb1 Qb6 29. Qc2 Rxb1+ 30. Qxb1 Qb4 31. Qxb4 cxb4 32. Nc4 Nxc4 33. dxc4 f5 34. e3 Bc5 35. Bf1 Kf8 36. Bd3 b3 37. Kf1 Ke7 38. Ke2 Kd6 39. f3 g5 40. hxg5 hxg5 41. g4 fxg4 42. fxg4 Bb4 43. Bb1 Kc5 44. Kd3 Ba5 45. e4 e5 46. Ke3 Kxc4 47. Ke2 Kb4 48. Kd3 Bb6 49. Ke2 Kxa4 50. Kd3 Kb4 51. Kd2 Kc4 52. Bd3+ Kd4 53. Bb1 Ba5+ 54. Ke2 Kc3 55. Bd3 Kb2 56. Bc4 Kc2 57. Bd3+ Kc1 58. Ke3 b2 59. Ke2 b1Q 60. Bxb1 Kxb1 61. Kd3 Kc1 62. Kc4 Bd2 63. Kd5 Bf4 64. Kc4 Kd2 65. Kc5 Ke3 66. Kd5 Kf3 67. Kc4 0-1